Online Catalogue and eLibrary

Jacques Lucan a feminist introduction (Record no. 744)

MARC details
000 -LEADER
fixed length control field 00402nam a2200169Ia 4500
005 - DATE AND TIME OF LATEST TRANSACTION
control field 20240704052229.0
008 - FIXED-LENGTH DATA ELEMENTS--GENERAL INFORMATION
fixed length control field 240331s9999 xx 000 0 und d
020 ## - INTERNATIONAL STANDARD BOOK NUMBER
ISBN 041501400
082 ## - DDC Classification
Class No. 155
Item Number - Author Mark GRO
100 ## - MAIN ENTRY--PERSONAL NAME
Personal name Grosz, E
245 #0 - TITLE STATEMENT
Title Jacques Lucan a feminist introduction
260 ## - PUBLICATION, DISTRIBUTION, ETC.
Place of publication, distribution, etc. London
Name of publisher, distributor, etc. Routledge
Date of publication, distribution, etc. 1990
300 ## - PHYSICAL DESCRIPTION
Extent (e.g. Volumes, Pages etc.) vi, 218 p .,
650 ## - SUBJECT ADDED ENTRY--TOPICAL TERM
Topical term or geographic name entry element Psychology
650 ## - SUBJECT ADDED ENTRY--TOPICAL TERM
Topical term or geographic name entry element Feminism
942 ## - Koha item type (Biblio)
Koha item type Books in Stacks (Lending)
Holdings
Lost status Damaged status Collection code Home library Current library Shelving location Date acquired Full call number Accession Number Item type
    Lending WERC Library WERC Library Social Science Cupboard 03/31/2024 155 GRO 5169 Books in Stacks (Lending)

© WERC Library